| 000 | 01122 a2200217 4500 | ||
|---|---|---|---|
| 001 | 38766 | ||
| 005 | 20260407155649.0 | ||
| 008 | 260407a1965 arg spa d | ||
| 003 | AR-UNSa-BCEJYS | ||
| 040 |
_aAR-UNSa-BCEJYS _bspa _cAR-UNSa-BCEJYS |
||
| 080 |
_a330.834 _xKeynes y el keynesianismo. Neokeynesianismo. Poskeynesianismo |
||
| 245 | 1 | 0 | _aIntroducción a Keynes |
| 250 | _a5a. ed. | ||
| 264 | 1 |
_aMéxico : _bFondo de Cultura Económica _c1965 |
|
| 300 |
_a131 p. _c21 cm. |
||
| 505 | _a1. La insuficiencia de la demanda - 2. El ingreso, el ahorro y las inversiones - 3. La propensión a consumir - 4. El multiplicador y las inversiones - 5. La eficiencia marginal del capital - 6. Teoría general de la tasa de interés - 7. La tasa de interés, la eficiencia marginal del capital y las inversiones - 8. Por qué la tasa de interés frena las inversiones - 9. Esquema de la teoría Keynesiana - 10. Aplicación del esquema a los salarios y precios - 11. La teoría de Keynes y su filosofía social | ||
| 041 | _aspa | ||
| 942 | _cBK | ||
| 590 | _aniveau_biblio:m niveau_hierar:0 | ||
| 100 | 1 | _aPrebisch, Raúl | |
| 999 |
_c2923 _d2923 |
||